| 000 | 00800nam a2200253 a 4500 | ||
|---|---|---|---|
| 001 | 457 | ||
| 003 | BR-CuiBMT | ||
| 005 | 20231124225933.0 | ||
| 008 | 231107b2004 spb 000 0 por d | ||
| 020 | _a850204656 | ||
| 040 |
_aBR-CuiBMT _cBR-CuiBMT |
||
| 080 |
_22007 _a343.2 |
||
| 090 |
_a343.2 _bJ58d _c26. ed. |
||
| 100 | 1 |
_aJesus, Damásio E. de _q(Damásio Evangelista de), _d1935-2020 |
|
| 245 | 1 | 0 |
_aDireito penal / _cDamásio E. de Jesus. |
| 250 | _a26. ed., atual. | ||
| 260 |
_aSão Paulo : _bSaraiva, _c2004. |
||
| 300 |
_a v. ; _c24 cm |
||
| 505 | 1 | _av. 2. Parte especial : dos crimes contra a pessoa e dos crimes contra o patrimônio | |
| 650 |
_aDireito penal _zBrasil |
||
| 650 |
_aCrimes contra a pessoa _zBrasil |
||
| 650 |
_aCrimes contra o patrimônio _zBrasil |
||
| 942 |
_2udc _cLV |
||
| 999 |
_c457 _d457 |
||